000 00693nam a22002537a 4500
003 UA-OsUOA
001 117820
007 ta
008 20160616b un ||||| |||| 00| 0 ukr d
100 _aСемаков Г. С.
700 _aКондракова С. П.
090 _a347.961(075.8)
_bС30
942 _cBK
040 _aUA-OsUOA
_bukr
_cUA-OsUOA
_dUA-OsUOA
245 _aНотаріат в Україні
_bкурс лекцій
300 _a120 с.
955 _a2
041 _aukr
080 _a347.961(075.8)
020 _a966-608-115-6
260 _aК.
_bМАУП
_c2001
650 7 _a347 Цивільне право. Судовий устрій
_2UDC
999 _c403867
_d403867